书目信息 |
| 题名: |
建设工程合同管理答疑精讲与试题精练
|
|
| 作者: | 贾彦芳 主编 | |
| 分册: | ||
| 出版信息: | 北京 中国电力出版社 2008.01 |
|
| 页数: | 303页 | |
| 开本: | 26cm | |
| 丛书名: | ||
| 单 册: | ||
| 中图分类: | TU723.1 | |
| 科图分类: | ||
| 主题词: | 建筑工程--jian zhu gong cheng--经济合同--管理--考核--自学参考资料 | |
| 电子资源: | ||
| ISBN: | 978-7-5083-6293-9 | |
| 000 | 00963nam0 2200241 450 | |
| 001 | 012008107191 | |
| 005 | 20080419110940.62 | |
| 010 | @a978-7-5083-6293-9@dCNY39.80 | |
| 100 | @a20080419d2008 em y0chiy0120 ea | |
| 101 | 0 | @achi |
| 102 | @aCN@b110000 | |
| 105 | @ay q 000yy | |
| 106 | @ar | |
| 200 | 1 | @a建设工程合同管理答疑精讲与试题精练@Ajian she gong cheng he tong guan li da yi jing jiang yu shi ti jing lian@f贾彦芳主编@Fjia yan fang zhu bian |
| 210 | @a北京@c中国电力出版社@d2008.01 | |
| 215 | @a303页@d26cm | |
| 300 | @a2008全国注册监理工程师执业资格考试辅导用书 环球职业教育在线 | |
| 330 | @a本书结合最新考试大纲,根据历年考点,对前三年的考题分布情况进行总结,并结合典型问题和例题进行知识点的讲解,每章后附一定数量的练习题。 | |
| 606 | 0 | @a建筑工程@Ajian zhu gong cheng@x经济合同@x管理@x考核@j自学参考资料 |
| 690 | @aTU723.1@v4 | |
| 701 | 0 | @a贾彦芳@Ajia yan fang@4主编 |
| 801 | 0 | @aCN@bQSSK@c20080419 |
| 905 | @b292792-94@dTU723.1@eJ252@f3 | |
| 建设工程合同管理答疑精讲与试题精练/贾彦芳主编.-北京:中国电力出版社,2008.01 |
| 303页;26cm |
| 2008全国注册监理工程师执业资格考试辅导用书 环球职业教育在线 |
| ISBN 978-7-5083-6293-9:CNY39.80 |
| 本书结合最新考试大纲,根据历年考点,对前三年的考题分布情况进行总结,并结合典型问题和例题进行知识点的讲解,每章后附一定数量的练习题。 |
| ● |
| 相关链接 |
|
|
|
正题名:建设工程合同管理答疑精讲与试题精练
索取号:TU723.1/J252
 
预约/预借
| 序号 | 登录号 | 条形码 | 馆藏地/架位号 | 状态 | 备注 |
| 1 | 292792 | 202927921 | 建筑库201/201建筑库 32排3列1层/ [索取号:TU723.1/J252] | 在馆 | |
| 2 | 292793 | 202927930 | 建筑库201/201建筑库 32排3列1层/ [索取号:TU723.1/J252] | 在馆 | |
| 3 | 292794 | 202927949 | 建筑库201/201建筑库 32排3列1层/ [索取号:TU723.1/J252] | 在馆 |